|
|
|
|
| LEADER |
01480nam a22003137a 4500 |
| 001 |
33407 |
| 003 |
BD-DhAAL |
| 005 |
20180717162427.0 |
| 008 |
180717t1993 bg a|||| b||| 001 0 ben d |
| 999 |
|
|
|c 39822
|d 39822
|
| 020 |
|
|
|a 9840727419
|
| 040 |
|
|
|a BD-DhAAL
|
| 082 |
|
|
|a 582.095492
|2 19
|
| 100 |
|
|
|a মনিরুজ্জামান, এফ. এম.
|9 27475
|
| 245 |
|
|
|a উদ্ভিদ সংহিতা,
|n ১ম খণ্ড /
|b এফ. এম. মনিরুজ্জামান
|
| 246 |
|
|
|a Udvid samhita
|
| 246 |
|
|
|a a compendium of plants in Bangladesh
|
| 250 |
|
|
|a প্রথম প্রকাশ
|
| 260 |
|
|
|a ঢাকা :
|b বাংলা একাডেমী,
|c ১৯৯৩
|
| 300 |
|
|
|a ১২৩ পৃষ্ঠা :
|b চিত্র ;
|c ২৫ সে. মি.
|
| 362 |
|
|
|a ১ম খণ্ড
|
| 500 |
|
|
|a নির্ঘণ্ট অন্তর্ভুক্ত
|
| 504 |
|
|
|6 বিবলিওগ্রাফী অন্তর্ভুক্ত (পৃষ্ঠা [১০৮]-১১০)
|
| 526 |
|
|
|a ARC
|
| 541 |
|
|
|e 33407
|
| 650 |
|
|
|a Plants
|z Bangladesh
|9 27476
|
| 852 |
|
|
|a Department of Architecture
|c General Stacks
|
| 942 |
|
|
|2 ddc
|c BK
|
| 952 |
|
|
|0 0
|1 1
|2 ddc
|4 0
|6 582_095492000000000_MAN
|7 0
|9 63857
|a ARC
|b ARC
|c GEN
|d 2018-07-17
|l 0
|o 582.095492 MAN
|p 3010033407
|r 2018-07-17
|t 1
|w 2018-07-17
|y BK
|x lost from the ARC department library and approved by the Dean (reasons personal books withdrawn by Hasibul Kabir Sir and Building shifting)
|